000 00852nam a2200229Ii 4500
003 JO-AjNU
008 230605s9999||||xx |||||||||||||| ||und||
017 _a2010/15100
020 _a977-17-9279-2
040 _aJO-AjNU
_bara
_erda
_cJO-AjNU
041 _aara
050 1 4 _aHD62.15.2010
100 3 _aسرحان، فتحي,
_eauthor
_943965
245 0 0 _aادارة الجودة الشاملة:الاتجاهات العالمية الادارية الحديثة=Total Quality Management:New International Administrative Trends
250 _aط1
264 3 1 _aالقاهرة: مكتبة الشريف ماس للنشر والتوزيع،2010
300 _a305ص
336 _atext
_btxt
_2rdacontent
337 _aunmediated
_bn
_2rdamedia
338 _avolume
_bnc
_2rdacarrier
650 4 _aادارة الانتاج-ضبط الجودة
_943966
999 _aA18943
_c22511
_d22511